| 000 | 01184nas a2200277 c 4500 | ||
|---|---|---|---|
| 003 | BLK | ||
| 005 | 20210713100623.0 | ||
| 008 | 180413b bul raner|||| |0| c1bulo| | ||
| 010 | _aPRD00003600000 | ||
| 040 | _aBLK | ||
| 041 |
_aBUL _cBUL |
||
| 080 |
_aФорми на политическа организация. Държавите като политически сили. Вж и 308 ; 342 _b321 _x(497.215) _z321(497.215) |
||
| 110 | 1 |
_aРед. кол. : П. Стайков _9358392 |
|
| 245 | 1 | 0 |
_aРУСЕНСКИ глас _cРед. кол. : П. Стайков _fНачална год. на издаване: № 1, 1896, |
| 257 | _aBGR | ||
| 260 |
_аРусе _bпеч. Надежда _c1896 |
||
| 300 | _c45 | ||
| 310 |
_апериодичност: 0 _dдни, в които се получава: 0000000 _eсрок за съхранение: 99 |
||
| 380 | _a3 | ||
| 500 | _aзабележка:Ориг. заглавие - Руссенски глас. - Изд. К. П. Панайодов. | ||
| 852 | _aВ 56 | ||
| 856 |
_qpdf _u |
||
| 856 |
_qpdf _u |
||
| 942 |
_cNSP _n0 _s1 _01 |
||
| 944 |
_aCR _cВаня_Йорданова _k08.12.2014 |
||
| 944 |
_aED _cВаня_Йорданова _k08.12.2014 |
||
| 999 |
_c291995 _d291995 |
||